[Event "TCh-CRO Gp1B"]
[Site "Sibenik CRO"]
[Date "2010.09.09"]
[Round "6"]
[White "Gradiser,D"]
[Black "Franic,M"]
[Result "0-1"]
[WhiteElo "1966"]
[BlackElo "2382"]
[EventDate "2010.09.04"]

1. e4 c5 2. Nf3 d6 3. d4 cxd4 4. Nxd4 Nf6 5. Nc3 a6 6. f3 Qb6 7. Nb3 g6 8.
Qe2 Bg7 9. Be3 Qc7 10. O-O-O b5 11. Qf2 Nbd7 12. g4 Bb7 13. h4 h6 14. Bh3
b4 15. Nd5 Nxd5 16. exd5 Ne5 17. Bd4 g5 18. Rhf1 Bf6 19. Kb1 Qc4 20. Na5
Qxd5 21. Nxb7 Qxb7 22. Bg2 Qc8 23. Bxe5 Bxe5 24. f4 gxf4 25. Bxa8 Qxa8 26.
Qb6 O-O 27. Qg1 Qe4 28. Rfe1 Qc4 29. g5 h5 30. Qg2 Rc8 31. g6 f5 32. Rf1
Qe4 33. Qd2 Kg7 34. Rf2 a5 35. Re2 Qc4 36. Rc1 Rc5 37. Rxe5 Rxe5 38. Qd1
Qe2 39. Qd4 f3 40. Qf4 f2 41. b3 Qe3 42. Qc4 d5 43. Qc8 Qxc1+ 44. Kxc1
f1=Q+ 45. Kb2 Re1 0-1

[Event "TCh-CRO Gp1B"]
[Site "Sibenik CRO"]
[Date "2010.09.09"]
[Round "6"]
[White "Tomljanovic,G"]
[Black "Valkovic,K"]
[Result "1-0"]
[WhiteElo "2121"]
[BlackElo "2045"]
[EventDate "2010.09.04"]

1. d4 d6 2. c4 f5 3. Nc3 Nf6 4. Bg5 Nbd7 5. Qc2 g6 6. e4 fxe4 7. Nxe4 Bg7
8. Nf3 Nxe4 9. Qxe4 Nf6 10. Qc2 Bf5 11. Bd3 Bxd3 12. Qxd3 Qd7 13. O-O O-O
14. Rfe1 Rae8 15. d5 c5 16. Re6 Nh5 17. Rae1 Bf6 18. Qe3 Ng7 19. Bxf6 exf6
20. Re7 Qxe7 21. Qxe7 Rxe7 22. Rxe7 Rf7 23. Re3 Kf8 24. g4 Re7 25. Rxe7
Kxe7 26. Kg2 Ne8 27. Kg3 Nc7 28. Kf4 b5 29. b3 h6 30. h4 b4 31. Nd2 Ne8 32.
Ne4 Ng7 33. Ng3 g5+ 34. hxg5 hxg5+ 35. Ke4 Kd7 36. Nf5 Ne8 37. Nh6 Ke7 38.
Kf5 a5 39. Kg6 Kf8 40. Nf5 Kg8 41. Ne7+ Kf8 42. Nc6 Kg8 43. Nxa5 Kf8 44.
Nc6 Kg8 45. Ne7+ Kf8 46. Nf5 Kg8 47. Nh6+ Kf8 48. f3 Ke7 49. Ng8+ 1-0

[Event "TCh-CRO Gp1B"]
[Site "Sibenik CRO"]
[Date "2010.09.09"]
[Round "6"]
[White "Sax,G"]
[Black "Dizdarevic,E"]
[Result "1/2-1/2"]
[WhiteElo "2529"]
[BlackElo "2475"]
[EventDate "2010.09.04"]

1. e4 e6 2. d4 d5 3. e5 c5 4. c3 Nc6 5. Nf3 Qb6 6. a3 f6 7. Bd3 fxe5 8.
dxe5 c4 9. Bc2 Nh6 10. Qe2 Nf7 11. h4 1/2-1/2

[Event "TCh-CRO Gp1B"]
[Site "Sibenik CRO"]
[Date "2010.09.09"]
[Round "6"]
[White "Nikcevic,N"]
[Black "Rezan,S"]
[Result "1/2-1/2"]
[WhiteElo "2400"]
[BlackElo "2428"]
[EventDate "2010.09.04"]

1. Nf3 c5 2. c4 Nf6 3. Nc3 d6 4. d4 cxd4 5. Nxd4 e6 6. e4 Be7 7. Be3 a6 8.
Be2 Qc7 9. O-O Nbd7 10. a4 b6 11. a5 bxa5 12. Qa4 Bb7 13. f3 O-O 14. Nb3
Rab8 15. Qxa5 Qxa5 16. Nxa5 Ba8 17. Rfb1 d5 18. cxd5 exd5 19. exd5 Nxd5 20.
Nxd5 Bxd5 21. Bxa6 Bf6 22. Bc4 Bxc4 23. Nxc4 Rb4 24. Ra7 Ne5 25. Nxe5 Bxe5
26. b3 Rfb8 27. Rd7 f6 28. Rd3 g5 29. Bd2 R4b7 30. b4 Kf7 31. Rc1 Rxb4 32.
Bxb4 Rxb4 33. g3 h5 34. Rc2 h4 35. Kg2 hxg3 36. hxg3 Ke6 37. g4 Rb6 38. Rc5
Rb2+ 39. Kf1 Rb6 40. Ke2 Rb2+ 41. Rd2 Rb6 42. Rdc2 Rb7 43. Ke3 Rd7 44. Rc6+
Kf7 45. Ra2 Bf4+ 46. Ke4 Re7+ 47. Kd4 Re1 48. Raa6 Be5+ 49. Kd3 Rd1+ 50.
Ke2 Rd4 51. Ke3 Rd7 52. Ra8 Rb7 53. Ra4 Bf4+ 54. Kd3 Rd7+ 55. Rd4 Ra7 56.
Rd5 Re7 57. Kc4 Ra7 58. Rb5 Be5 59. Rcb6 Ra1 60. Rb7+ Ke6 61. R7b6+ Kf7 62.
Kd3 Rd1+ 63. Ke4 Rd4+ 64. Ke3 Ra4 65. Rb4 Ra1 66. Ke4 Kg6 67. Rb7 Re1+ 68.
Kd3 Rd1+ 69. Ke2 Rd8 70. Ra4 Bd4 71. Rc4 Be5 72. Rc1 Bf4 73. Rd1 Re8+ 74.
Kf1 Be5 75. Rdd7 Rg8 76. Ke2 Ba1 77. Kd3 Be5 78. Ke4 Ba1 79. Ra7 Bb2 80.
Kd5 Bc3 81. Ke6 Re8+ 82. Re7 Rg8 83. Rab7 Ba5 84. Kd7 Ra8 85. Kc6 Rg8 86.
Kb5 Bc3 1/2-1/2

[Event "TCh-CRO Gp1B"]
[Site "Sibenik CRO"]
[Date "2010.09.09"]
[Round "6"]
[White "Rogulj,B"]
[Black "Filipovic,Br"]
[Result "1/2-1/2"]
[WhiteElo "2412"]
[BlackElo "2390"]
[EventDate "2010.09.04"]

1. e4 b6 2. d4 Bb7 3. Nc3 e6 4. a3 d5 5. e5 c5 6. Nf3 Nc6 7. Bd3 Nge7 8.
Bf4 Nxd4 9. Nxd4 cxd4 10. Ne2 Nc6 11. Bb5 a6 12. Bxc6+ Bxc6 13. Nxd4 Bd7
14. Qg4 Rc8 15. O-O h6 16. Rad1 g6 17. Rfe1 b5 18. c3 a5 19. h4 b4 20. axb4
axb4 21. Re3 bxc3 22. bxc3 Qa5 23. Qf3 Bg7 24. Red3 Bb5 25. Re3 Bd7 26.
Red3 Bb5 27. Re3 Bd7 28. Red3 1/2-1/2

[Event "TCh-CRO Gp1B"]
[Site "Sibenik CRO"]
[Date "2010.09.09"]
[Round "6"]
[White "Viskic,P"]
[Black "Mestrovic,Z"]
[Result "0-1"]
[WhiteElo "2211"]
[BlackElo "2379"]
[EventDate "2010.09.04"]

1. c4 Nc6 2. g3 e5 3. Bg2 Nf6 4. Nc3 d6 5. Nf3 Be6 6. d4 exd4 7. Nxd4 Nxd4
8. Qxd4 c6 9. O-O Be7 10. Bf4 O-O 11. Rad1 Qa5 12. b3 Rfd8 13. Qd2 Qh5 14.
e4 Bh3 15. f3 Bxg2 16. Kxg2 Qa5 17. Rf2 Kf8 18. Na4 Qh5 19. g4 Qg6 20. Nc3
h5 21. h3 Kg8 22. Qd3 Nd7 23. Rfd2 Nc5 24. Qe3 Ne6 25. Bg3 Bf6 26. Ne2 d5
27. cxd5 cxd5 28. Rxd5 hxg4 29. hxg4 Rac8 30. Qxa7 Rc2 31. Rxd8+ Bxd8 32.
Qe3 Bb6 33. Qd3 Nd4 34. Rd2 Rxd2 35. Qxd2 Ne6 36. Qd5 Qh6 37. f4 Qf6 38.
Qd2 Nc5 0-1

[Event "TCh-CRO Gp1B"]
[Site "Sibenik CRO"]
[Date "2010.09.09"]
[Round "6"]
[White "Paljusaj,E"]
[Black "Vlaic,B"]
[Result "1/2-1/2"]
[WhiteElo "2309"]
[BlackElo "2288"]
[EventDate "2010.09.04"]

1. e4 e6 2. d4 d5 3. Nc3 Bb4 4. Nge2 dxe4 5. a3 Bxc3+ 6. Nxc3 Nc6 7. Bb5
Nge7 8. Nxe4 Qd5 9. Qd3 f5 10. Ng3 Qxg2 11. Rf1 Bd7 12. Bg5 h6 13. Bxe7
Nxe7 14. Bxd7+ Kxd7 15. O-O-O Rae8 1/2-1/2

[Event "TCh-CRO Gp1B"]
[Site "Sibenik CRO"]
[Date "2010.09.09"]
[Round "6"]
[White "Grgurevic,B"]
[Black "Biliskov,V"]
[Result "1/2-1/2"]
[WhiteElo "2219"]
[BlackElo "2296"]
[EventDate "2010.09.04"]

1. e4 c5 2. b3 Nc6 3. Bb2 d6 4. Bb5 Bd7 5. Ne2 Nf6 6. f3 e6 7. Bxc6 Bxc6 8.
d4 Be7 9. c4 O-O 10. Nbc3 cxd4 11. Nxd4 Qb6 12. Nxc6 bxc6 13. Qe2 d5 14.
O-O-O Qa5 15. Kb1 Ba3 16. cxd5 Bxb2 17. Qxb2 cxd5 18. exd5 Rac8 19. Rc1
Nxd5 20. Nxd5 Qxd5 21. Rhd1 Qg5 22. Rxc8 Rxc8 23. Qd2 Qe5 24. Qd4 Qc7 25.
Qd2 g6 26. g3 1/2-1/2

[Event "TCh-CRO Gp1B"]
[Site "Sibenik CRO"]
[Date "2010.09.09"]
[Round "6"]
[White "Sedlak,N"]
[Black "Ljubicic,F"]
[Result "1/2-1/2"]
[WhiteElo "2550"]
[BlackElo "2380"]
[EventDate "2010.09.04"]

1. d4 d5 2. c4 e6 3. Nc3 Nf6 4. cxd5 exd5 5. Bg5 c6 6. Qc2 Na6 7. e3 Nc7 8.
Bd3 h6 9. Bh4 Be7 10. Nf3 O-O 11. O-O-O Nd7 12. Bg3 Ne6 13. Kb1 Qa5 14. h4
b5 15. Ng5 Nxg5 16. hxg5 Bxg5 17. Bd6 Re8 18. f4 Be7 19. Bxe7 Rxe7 20. g4
Rxe3 21. g5 Nf8 22. f5 hxg5 23. f6 gxf6 24. Rh6 Rxd3 25. Qxd3 Kg7 26. Rdh1
Qd8 27. Rh8 f5 28. Qh3 Qf6 29. Nxd5 cxd5 30. Qh7+ Nxh7 31. R1xh7+ 1/2-1/2

[Event "TCh-CRO Gp1B"]
[Site "Sibenik CRO"]
[Date "2010.09.09"]
[Round "6"]
[White "Sale,S"]
[Black "Bogosavljevic,B"]
[Result "0-1"]
[WhiteElo "2400"]
[BlackElo "2554"]
[EventDate "2010.09.04"]

1. c4 e6 2. g3 d5 3. Bg2 c6 4. Nf3 Nd7 5. b3 Ngf6 6. Bb2 Bd6 7. O-O O-O 8.
d4 b5 9. Nbd2 bxc4 10. bxc4 Rb8 11. Qc2 Ba6 12. Rab1 Bb4 13. Bc3 Qa5 14.
Rxb4 Rxb4 15. Bxb4 Qxb4 16. Rb1 Qa5 17. e3 Rc8 18. c5 h6 19. h4 Bb5 20. Bh3
Be2 21. Rb3 Re8 22. Rb7 Bb5 23. Bf1 Qa6 24. Rc7 Bxf1 25. Nxf1 Rb8 26. g4
Rd8 27. g5 Ne8 28. Rxd7 Rxd7 29. Ne5 Rc7 30. Ng3 Qc8 31. Kg2 Qd8 32. f4
hxg5 33. hxg5 f6 34. Nf3 Qe7 35. Qa4 Qd7 36. Qc2 Rb7 37. Nh5 Qf7 38. Ng3
Rb5 39. Kh3 Kf8 40. e4 Qd7 41. gxf6 gxf6 42. e5 Rb7 43. Kg2 Qh7 44. f5 Rg7
45. Qd2 Qxf5 46. Qh6 Qc2+ 47. Nd2 Qd3 48. Ndf1 Qxd4 49. Qh8+ Ke7 50. exf6+
Qxf6 51. Qh5 Qb2+ 52. Kg1 0-1

[Event "TCh-CRO Gp1B"]
[Site "Sibenik CRO"]
[Date "2010.09.09"]
[Round "6"]
[White "Medak,B"]
[Black "Bilobrk,F"]
[Result "1/2-1/2"]
[WhiteElo "2346"]
[BlackElo "2368"]
[EventDate "2010.09.04"]

1. e4 c5 2. d3 g6 3. f4 Bg7 4. Nf3 Nc6 5. Be2 d6 6. O-O Nf6 7. Kh1 Bg4 8.
h3 Bxf3 9. Bxf3 O-O 10. c3 Rb8 11. Qe2 Qc7 12. Be3 Nd7 13. Qf2 e5 14. f5 b5
15. Nd2 Qd8 16. Bd1 Kh8 17. g4 Bf6 18. Nf3 gxf5 19. gxf5 Rg8 20. h4 Qe7 21.
Ng5 Rg7 22. Bh5 h6 23. Nf3 Kh7 24. Rg1 Rbg8 25. Rxg7+ Rxg7 26. Kh2 Qf8 27.
Kh3 Bd8 28. Nh2 Nf6 29. Bf3 b4 30. Rg1 Rxg1 31. Qxg1 bxc3 32. bxc3 Qe7 33.
Qf2 1/2-1/2

[Event "TCh-CRO Gp1B"]
[Site "Sibenik CRO"]
[Date "2010.09.09"]
[Round "6"]
[White "Zelic,Ml"]
[Black "Tomerlin,S"]
[Result "0-1"]
[WhiteElo "2291"]
[BlackElo "2300"]
[EventDate "2010.09.04"]

1. e4 c5 2. d4 cxd4 3. c3 Nf6 4. e5 Nd5 5. Nf3 Nc6 6. Bc4 Nb6 7. Bb3 d5 8.
exd6 Qxd6 9. O-O Bf5 10. cxd4 e6 11. Nc3 Be7 12. Qe2 Nb4 13. Rd1 O-O 14.
Ne5 N6d5 15. Ne4 Qd8 16. Ng3 Bg6 17. a3 Na6 18. Be3 Nac7 19. Rac1 Ne8 20.
Nxg6 hxg6 21. Ne4 Nef6 22. Qf3 Qb6 23. Rd3 Rfd8 24. h4 a5 25. Nxf6+ Nxf6
26. d5 Qa6 27. Bg5 Qd6 28. h5 gxh5 29. Bxf6 Bxf6 30. Qxh5 e5 31. Rdc3 g6
32. Qe2 Ra6 33. Qb5 a4 34. Bxa4 Rb6 35. Qe2 Qxd5 36. Rd1 Qe6 37. Rxd8+ Bxd8
38. Qc2 Bf6 39. Bb3 Qf5 40. Rc8+ Kg7 41. Qc4 Rxb3 42. Rc7 Rd3 43. Qxf7+ Kh6
44. Qh7+ Kg5 45. Rc4 Rd1+ 46. Kh2 e4 47. f4+ Qxf4+ 0-1

[Event "TCh-CRO Gp1B"]
[Site "Sibenik CRO"]
[Date "2010.09.09"]
[Round "6"]
[White "Sasvari,Z"]
[Black "Bozanic,I"]
[Result "0-1"]
[WhiteElo "2225"]
[BlackElo "2249"]
[EventDate "2010.09.04"]

1. c4 Nf6 2. Nf3 c5 3. g3 Nc6 4. Bg2 d5 5. O-O e5 6. d3 Be7 7. Na3 O-O 8.
b3 Re8 9. Nc2 h6 10. a3 e4 11. dxe4 dxc4 12. Qxd8 Bxd8 13. bxc4 Nxe4 14.
Bb2 Na5 15. Ne3 Nd6 16. Rac1 Rxe3 17. fxe3 Ndxc4 18. Rfd1 Be6 19. Bc3 Nb3
20. Rb1 Nxe3 21. Rd3 Nxg2 22. Rbd1 Be7 23. Kxg2 c4 24. Re3 Bxa3 25. Rxe6
fxe6 26. Rd7 Bf8 27. Rxb7 Nc5 28. Rc7 a5 29. Nd2 a4 30. Nxc4 Ne4 31. Ba1 a3
32. Nb6 Rb8 33. Nd7 Rb1 34. Be5 Bd6 35. Ra7 Bxe5 36. Nxe5 Ra1 37. Ra8+ Kh7
38. h4 h5 39. Kf3 Nc3 40. g4 a2 41. g5 g6 42. Ra7+ Kg8 43. Ra8+ Kg7 44.
Ra7+ Kf8 45. Nxg6+ Ke8 46. Ra8+ Kd7 47. Ne5+ Kc7 48. g6 Rf1+ 49. Kg2 a1=Q
50. Rxa1 Rxa1 51. Nf3 Nxe2 0-1

[Event "TCh-CRO Gp1B"]
[Site "Sibenik CRO"]
[Date "2010.09.09"]
[Round "6"]
[White "Sunara,T"]
[Black "Dulic,G"]
[Result "0-1"]
[WhiteElo "1979"]
[BlackElo "2243"]
[EventDate "2010.09.04"]

1. e4 c5 2. Nf3 Nc6 3. d4 cxd4 4. Nxd4 Nf6 5. Nc3 e6 6. a3 a6 7. Be2 Qc7 8.
Be3 b5 9. O-O Bb7 10. f4 Bc5 11. Qd3 Qb6 12. Rad1 d6 13. Kh1 O-O 14. Bg1 e5
15. Nf5 Bxg1 16. Qg3 g6 17. Rxg1 Nd4 18. Bf3 Nxf5 19. exf5 e4 20. Be2 d5
21. fxg6 fxg6 22. f5 d4 23. Nb1 e3 24. Bf3 Ne4 25. Bxe4 Bxe4 26. Qe5 Bxf5
27. Rxd4 Rae8 28. Qd5+ Qe6 29. Re1 Qxd5 30. Rxd5 Be4 31. Rg5 Bxc2 32. Nc3
Rf2 33. Kg1 Bd3 34. Rg3 Ref8 35. Rf3 R8xf3 36. gxf3 Rxf3 37. b4 Kg7 38. Nd5
e2 0-1

[Event "TCh-CRO Gp1B"]
[Site "Sibenik CRO"]
[Date "2010.09.09"]
[Round "6"]
[White "Ragger,M"]
[Black "Chatalbashev,B"]
[Result "1-0"]
[WhiteElo "2628"]
[BlackElo "2606"]
[EventDate "2010.09.04"]

1. e4 d6 2. d4 Nf6 3. Nc3 g6 4. Be3 Bg7 5. Qd2 O-O 6. f3 e5 7. dxe5 dxe5 8.
O-O-O Qxd2+ 9. Rxd2 c6 10. g3 Nbd7 11. Bh3 b5 12. Rd6 b4 13. Na4 Nb6 14.
Nxb6 axb6 15. Kb1 Ba6 16. Bxb6 Bb5 17. Rd1 Rfb8 18. Bc5 Bf8 19. Bxf8 Kxf8
20. Bf1 Rd8 21. Re1 Rd2 22. Ne2 Bc4 23. Nc1 Be6 24. Nd3 c5 25. b3 c4 26.
Nxe5 cxb3 27. axb3 Rc8 28. Bc4 Rf2 29. Re2 Rxe2 30. Bxe2 Ke7 31. Kb2 g5 32.
Ra1 g4 33. Ra7+ Kf8 34. f4 Nxe4 35. Bc4 Bxc4 36. Nxc4 Nc3 37. Rb7 Nd1+ 38.
Kc1 Nc3 39. Kb2 Nd1+ 40. Kc1 Nc3 41. Ne5 Ra8 42. Kd2 Ne4+ 43. Ke3 Nc3 44.
Rxf7+ Kg8 45. Rb7 Ra2 46. Kd3 1-0

[Event "TCh-CRO Gp1B"]
[Site "Sibenik CRO"]
[Date "2010.09.09"]
[Round "6"]
[White "Georgiev,Vl"]
[Black "Bogut,Z"]
[Result "1/2-1/2"]
[WhiteElo "2573"]
[BlackElo "2451"]
[EventDate "2010.09.04"]

1. d4 c5 2. d5 e6 3. c4 Nf6 4. Nc3 exd5 5. cxd5 d6 6. e4 g6 7. Bd3 Bg7 8.
Nge2 O-O 9. O-O a6 10. a4 Nbd7 11. h3 Rb8 12. Bg5 Qc7 13. b3 h6 14. Bh4 g5
15. Bg3 Nh5 16. Rc1 Ne5 17. f4 Ng6 18. f5 Nxg3 19. Nxg3 Nf4 20. e5 Bxe5 21.
f6 Bxf6 22. Bf5 Bxc3 23. Rxc3 Qe7 24. Rc4 Qe3+ 25. Kh2 Bxf5 26. Nxf5 Qe5
27. Nxh6+ Kg7 28. Ng4 Qxd5 29. Qxd5 Nxd5 30. Rf5 Ne7 31. Rxg5+ Ng6 32. Rd5
Rbd8 33. Ne3 Kf6 34. b4 b6 35. Re4 cxb4 36. Rxb4 Rfe8 37. Rf5+ Kg7 38. Rf3
b5 39. axb5 axb5 40. Rxb5 Kf8 41. Nf5 d5 42. Rb7 Ne5 43. Rf4 Rd7 44. Rxd7
Nxd7 45. Rh4 Kg8 46. Rg4+ Kf8 47. Rh4 Kg8 48. Rd4 Nf6 49. g4 Kh7 50. Kg3
Re1 51. Ra4 Ne4+ 52. Kf4 f6 53. Ne3 Ng5 54. Nxd5 Nxh3+ 55. Kg3 Ng5 56.
Nxf6+ Kg6 57. Nd5 Ne4+ 58. Kf4 Nc5 59. Rc4 Nd3+ 60. Kg3 Kg5 61. Rd4 1/2-1/2

[Event "TCh-CRO Gp1B"]
[Site "Sibenik CRO"]
[Date "2010.09.09"]
[Round "6"]
[White "Filipovic,Ma"]
[Black "Mrdja,M"]
[Result "0-1"]
[WhiteElo "2351"]
[BlackElo "2393"]
[EventDate "2010.09.04"]

1. d4 Nf6 2. c4 c5 3. d5 e6 4. Nc3 exd5 5. cxd5 d6 6. e4 g6 7. f4 Bg7 8.
Nf3 O-O 9. Be2 Bg4 10. O-O Re8 11. h3 Bxf3 12. Bxf3 Nbd7 13. g4 h6 14. h4
a6 15. g5 hxg5 16. hxg5 Nh7 17. a4 c4 18. Be3 Qa5 19. Qc2 Nc5 20. e5 Nd3
21. Be4 Rad8 22. e6 fxe6 23. Bxg6 exd5 24. Bxd3 cxd3 25. Qxd3 d4 26. Bxd4
Bxd4+ 27. Qxd4 Nxg5 28. Nd5 Ne6 29. Qc4 Rc8 30. Ne7+ Kf7 31. Qd3 Qc5+ 32.
Rf2 Kxe7 33. f5 Nd4 34. f6+ Kd7 35. f7 Rf8 36. Rd1 Ne6 37. Qe4 Rxf7 0-1

[Event "TCh-CRO Gp1B"]
[Site "Sibenik CRO"]
[Date "2010.09.09"]
[Round "6"]
[White "Jukic,Zd"]
[Black "Bender,I"]
[Result "1-0"]
[WhiteElo "2299"]
[BlackElo "2292"]
[EventDate "2010.09.04"]

1. e4 c5 2. Nf3 e6 3. c3 d5 4. exd5 Qxd5 5. d4 Nf6 6. Na3 Qd8 7. Bg5 cxd4
8. Nxd4 a6 9. Nc4 Be7 10. Qf3 Nd5 11. Bxe7 Qxe7 12. Qg3 O-O 13. Qd6 Qh4 14.
Qg3 Qe7 15. Qd6 Qf6 16. Qe5 Qxe5+ 17. Nxe5 f6 18. Nc4 Rd8 19. O-O-O Ra7 20.
g3 e5 21. Nb3 Bg4 22. Bg2 Bxd1 23. Rxd1 b5 24. Nb6 Kh8 25. Nxd5 f5 26. Nc5
e4 27. f3 exf3 28. Bxf3 g6 29. Re1 Re8 30. b4 Kg7 31. Nb6 Rh8 32. Bb7 Kh6
33. h4 Kh5 34. Bf3+ Kh6 35. Re6 Rd8 36. Nd5 Rc8 37. h5 a5 38. Ne7 Rf8 39.
hxg6 axb4 40. gxh7+ Kxh7 41. Nxf5 Kh8 42. Rh6+ Rh7 43. Rxh7+ Kxh7 44. cxb4
Rc8 45. Nd6 Rg8 46. g4 Rf8 47. Be4+ Kh6 48. g5+ Kh5 49. g6 Rf4 50. g7 Rf1+
51. Kd2 Rg1 52. Bf3+ Kh6 53. Nf5+ Kh7 54. Bd5 Rg5 55. g8=Q+ Rxg8 56. Bxg8+
Kxg8 57. Nd4 Kf7 58. Ke3 Ke7 59. Ke4 Kd6 60. Nxb5+ Kc6 61. Nd4+ Kb6 62. a4
1-0

[Event "TCh-CRO Gp1B"]
[Site "Sibenik CRO"]
[Date "2010.09.09"]
[Round "6"]
[White "Zovko,Mari"]
[Black "Separovic,T"]
[Result "1/2-1/2"]
[WhiteElo "2213"]
[BlackElo "2207"]
[EventDate "2010.09.04"]

1. e4 c5 2. Nc3 e6 3. g3 Nc6 4. Bg2 g6 5. Nge2 Bg7 6. d3 Nge7 7. Be3 Nd4 8.
Qd2 Rb8 9. O-O O-O 10. Nd1 d6 11. c3 Nxe2+ 12. Qxe2 b5 13. Qd2 b4 14. Bh6
bxc3 15. bxc3 Qb6 16. Bxg7 Kxg7 17. Ne3 Ba6 18. f4 f5 19. Rf2 Qc7 20. h3
Rb6 21. g4 Qd7 22. Re1 fxg4 23. hxg4 h6 24. Ref1 Rbb8 25. Bh3 Ng8 26. g5
hxg5 27. fxg5 Rxf2 28. Rxf2 Rf8 29. c4 Qe7 30. Ng4 Rxf2 31. Kxf2 e5 32. Nh2
Qf8+ 33. Kg3 Bc8 34. Bxc8 Qxc8 35. Ng4 Qf8 36. Kg2 Qe7 37. Kg3 Qf8 38. Kg2
Qd8 39. Kg3 Kf7 40. Qf2+ Kg7 41. Qd2 Qb6 42. Kg2 Qb4 43. Qe2 Qc3 44. Ne3
Qc1 45. Qf2 Qb1 46. Qe2 Ne7 47. Qf2 Kg8 1/2-1/2

[Event "TCh-CRO Gp1B"]
[Site "Sibenik CRO"]
[Date "2010.09.10"]
[Round "7"]
[White "Chatalbashev,B"]
[Black "Erdos,V"]
[Result "1/2-1/2"]
[WhiteElo "2606"]
[BlackElo "2576"]
[EventDate "2010.09.04"]

1. c4 c6 2. Nf3 d5 3. e3 Nf6 4. Nc3 e6 5. b3 Nbd7 6. Bb2 Bd6 7. Be2 O-O 8.
O-O Qe7 9. Qc2 Re8 10. Rac1 a6 1/2-1/2

[Event "TCh-CRO Gp1B"]
[Site "Sibenik CRO"]
[Date "2010.09.10"]
[Round "7"]
[White "Gonda,L"]
[Black "Georgiev,Vl"]
[Result "1/2-1/2"]
[WhiteElo "2550"]
[BlackElo "2573"]
[EventDate "2010.09.04"]

1. Nf3 c5 2. c4 Nc6 3. Nc3 e5 4. g3 g6 5. Bg2 Bg7 6. O-O Nge7 7. a3 O-O 8.
Ne1 d6 9. Nc2 a5 10. d3 h6 11. Rb1 f5 12. Ne3 1/2-1/2

[Event "TCh-CRO Gp1B"]
[Site "Sibenik CRO"]
[Date "2010.09.10"]
[Round "7"]
[White "Mrdja,M"]
[Black "Biti,O"]
[Result "1/2-1/2"]
[WhiteElo "2393"]
[BlackElo "2370"]
[EventDate "2010.09.04"]

1. Nf3 d5 2. g3 Nf6 3. Bg2 c6 4. O-O g6 5. d3 Bg7 6. Nbd2 O-O 7. e4 dxe4 8.
dxe4 Qc7 9. Re1 Bg4 10. h3 Bxf3 11. Nxf3 e5 12. b3 Re8 13. Bb2 Nbd7 1/2-1/2

[Event "TCh-CRO Gp1B"]
[Site "Sibenik CRO"]
[Date "2010.09.10"]
[Round "7"]
[White "Ljubicic,F"]
[Black "Ragger,M"]
[Result "1/2-1/2"]
[WhiteElo "2380"]
[BlackElo "2628"]
[EventDate "2010.09.04"]

1. e4 e5 2. Nf3 Nc6 3. Bb5 a6 4. Ba4 Nf6 5. O-O Be7 6. Re1 b5 7. Bb3 d6 8.
c3 O-O 9. h3 Nb8 10. d4 Nbd7 11. Nbd2 Bb7 12. Bc2 Re8 13. Nf1 Bf8 14. Ng3
g6 15. b3 exd4 16. cxd4 c5 17. d5 Bg7 18. Bf4 Nxd5 19. exd5 Rxe1+ 20. Qxe1
Qf6 21. Rd1 Qxf4 22. Qe7 Bc8 23. Ne4 Bf8 24. Qd8 Kg7 25. Qc7 Ne5 26. Nxe5
Qxe5 27. Qc6 Rb8 28. Qc7 Ra8 29. Qc6 1/2-1/2

[Event "TCh-CRO Gp1B"]
[Site "Sibenik CRO"]
[Date "2010.09.10"]
[Round "7"]
[White "Bogut,Z"]
[Black "Sale,S"]
[Result "1-0"]
[WhiteElo "2451"]
[BlackElo "2400"]
[EventDate "2010.09.04"]

1. e4 Nf6 2. e5 Nd5 3. c4 Nb6 4. d4 d6 5. f4 dxe5 6. fxe5 Nc6 7. Be3 Bf5 8.
Nc3 e6 9. Nf3 Nb4 10. Rc1 c5 11. a3 cxd4 12. Nxd4 Nc6 13. Nxf5 exf5 14. Qf3
g6 15. Be2 Bh6 16. Rd1 Qe7 17. Bxh6 Qh4+ 18. Qf2 Qxh6 19. c5 Nd7 20. Nb5
Ke7 21. Nd6 Ndxe5 22. b4 Rhb8 23. O-O Kf8 24. b5 Nd8 25. Bf3 a6 26. b6 Ndc6
27. Bd5 Ng4 28. Qf4 Qxf4 29. Rxf4 Ne3 30. Bxc6 bxc6 31. Rd3 Nd5 32. Rxd5
cxd5 33. b7 Ra7 34. c6 Raxb7 35. Nxb7 Rc8 36. Na5 Ke7 37. Rb4 Kd6 38. Rb7
Kc5 39. Kf2 f4 40. h4 f6 41. Kf3 g5 42. h5 h6 43. Kg4 Kd4 44. Kf5 Ke3 45.
Kxf6 g4 46. Ke5 d4 47. Nc4+ Kd3 48. Kd5 g3 49. Rb3+ Kc2 50. Rf3 d3 51. Rxf4
d2 52. Nxd2 1-0

[Event "TCh-CRO Gp1B"]
[Site "Sibenik CRO"]
[Date "2010.09.10"]
[Round "7"]
[White "Bilobrk,F"]
[Black "Filipovic,Ma"]
[Result "1/2-1/2"]
[WhiteElo "2368"]
[BlackElo "2351"]
[EventDate "2010.09.04"]

1. d4 Nf6 2. c4 g6 3. Nc3 Bg7 4. e4 d6 5. Be2 O-O 6. Nf3 Nbd7 7. O-O e5 8.
Qc2 c6 9. Rd1 Qe7 10. Rb1 Re8 11. d5 c5 12. Ne1 Rf8 13. a3 Ne8 14. b4 f5
15. Nd3 b6 16. Bf3 Ndf6 17. Re1 fxe4 18. Nxe4 Nxe4 19. Bxe4 Nf6 20. f3 Nxe4
21. fxe4 Bd7 22. Be3 Rf7 23. Qd2 Raf8 24. bxc5 bxc5 25. Re2 Bc8 26. Rf2 Ba6
27. Rxf7 Qxf7 28. Qc2 Qd7 29. Nf2 Bf6 30. Bh6 Bg7 31. Be3 Bf6 32. Bh6
1/2-1/2

[Event "TCh-CRO Gp1B"]
[Site "Sibenik CRO"]
[Date "2010.09.10"]
[Round "7"]
[White "Bender,I"]
[Black "Zelic,Ml"]
[Result "0-1"]
[WhiteElo "2292"]
[BlackElo "2291"]
[EventDate "2010.09.04"]

1. d4 Nf6 2. c4 g6 3. Nc3 d5 4. Nf3 Bg7 5. e3 O-O 6. Bd2 c5 7. dxc5 Na6 8.
Rc1 Nxc5 9. Nxd5 Nxd5 10. cxd5 Qxd5 11. Bb4 Qxd1+ 12. Rxd1 b6 13. b3 a5 14.
Bxc5 Bc3+ 15. Nd2 bxc5 16. Bc4 a4 17. O-O axb3 18. axb3 Bf5 19. e4 Bg4 20.
f3 Bd7 21. Kh1 Bc6 22. Nb1 Bd4 23. Rc1 Rfd8 24. Nc3 Kg7 25. Bd5 Bxd5 26.
Nxd5 e6 27. Nc3 Rdb8 28. Ne2 Rxb3 29. Nxd4 cxd4 30. e5 Ra2 31. Rcd1 d3 32.
f4 Rbb2 33. Rxd3 Rxg2 34. Rh3 h6 35. Rff3 Rge2 36. Kg1 Rab2 37. Rf1 Rg2+
38. Kh1 Rbe2 39. Rff3 Rgf2 40. Kg1 Rg2+ 41. Kh1 Ra2 42. Rh4 Rge2 43. Rf1 g5
44. Rg1 Kg6 45. fxg5 hxg5 46. Rh8 Rxe5 47. h4 Raa5 48. Rg8+ Kh7 49. Rf8 Kg7
50. Rb8 Re4 0-1

[Event "TCh-CRO Gp1B"]
[Site "Sibenik CRO"]
[Date "2010.09.10"]
[Round "7"]
[White "Bozanic,I"]
[Black "Brnas,A"]
[Result "1/2-1/2"]
[WhiteElo "2249"]
[BlackElo "2281"]
[EventDate "2010.09.04"]

1. e4 e5 2. Nf3 Nc6 3. Bb5 a6 4. Ba4 Nf6 5. O-O Be7 6. Re1 b5 7. Bb3 O-O 8.
h3 Bb7 9. c3 d5 10. d3 Qd6 11. Nbd2 Rad8 12. Qe2 Rfe8 13. Nf1 dxe4 14. dxe4
Na5 15. Bc2 c5 16. g3 1/2-1/2

[Event "TCh-CRO Gp1B"]
[Site "Sibenik CRO"]
[Date "2010.09.10"]
[Round "7"]
[White "Markotic,G"]
[Black "Sunara,T"]
[Result "1-0"]
[WhiteElo "2279"]
[BlackElo "1979"]
[EventDate "2010.09.04"]

1. d4 d5 2. c4 c6 3. Nc3 Nf6 4. Bg5 e6 5. e3 Be7 6. cxd5 exd5 7. Bd3 Ne4 8.
Bxe7 Qxe7 9. Qc2 f5 10. O-O-O O-O 11. Nh3 Kh8 12. Rhe1 Be6 13. f3 Nd6 14.
Nf4 Bg8 15. h4 Nd7 16. g4 fxg4 17. h5 Rxf4 18. exf4 Qf6 19. fxg4 Qxf4+ 20.
Kb1 h6 21. Rg1 Nf7 22. Ne2 Qd6 23. Rdf1 Ng5 24. Nf4 Nf8 25. Bf5 Re8 26. Nd3
Bh7 27. Ne5 Kg8 28. Re1 Ne4 29. Rgf1 Ng5 30. Bg6 Bxg6 31. Nxg6 Ne4 32. Nh4
Ne6 33. Nf5 Qb4 34. Rd1 a5 35. a3 Qb6 36. Ka2 N6g5 37. Rd3 Qa6 38. Rc1 Kh7
39. Re3 Kg8 40. Qh2 Qa8 41. Rce1 Qd8 42. Qc2 Re6 43. Rf1 Qd7 44. Nh4 Re8
45. Qg2 b5 46. Nf3 Nxf3 47. Rexf3 Ng5 48. Rf5 b4 49. Qf2 Qd6 50. Qf4 Qe7
51. Re5 Qd7 52. Qf5 Qd8 53. Qg6 Rxe5 54. dxe5 Qe7 55. Qxc6 Qxe5 56. Qc8+
Kh7 57. Rf8 g6 58. Qd7+ Qg7 59. Qxg7+ Kxg7 60. Rd8 gxh5 61. gxh5 bxa3 62.
bxa3 Ne4 63. Kb3 Nf6 64. Ka4 Kf7 65. Kxa5 Ke7 66. Rh8 Nxh5 67. Rxh6 Nf6 68.
Kb6 Ke6 69. a4 Ke5 70. a5 d4 71. a6 Nd5+ 72. Kb7 1-0

[Event "TCh-CRO Gp1B"]
[Site "Sibenik CRO"]
[Date "2010.09.10"]
[Round "7"]
[White "Dizdarevic,E"]
[Black "Sedlak,N"]
[Result "1-0"]
[WhiteElo "2475"]
[BlackElo "2550"]
[EventDate "2010.09.04"]

1. Nf3 c5 2. g3 Nc6 3. Bg2 g6 4. c3 e5 5. d4 cxd4 6. cxd4 e4 7. Ne5 d5 8.
Nxc6 bxc6 9. Qc2 Bd7 10. Bf4 g5 11. Bd2 Bg7 12. Nc3 f5 13. f3 Qe7 14. e3
Nf6 15. O-O-O O-O 16. f4 gxf4 17. gxf4 c5 18. Be1 Rfc8 19. Kb1 Qf7 20. Bf1
Ng4 21. Qe2 cxd4 22. exd4 Rab8 23. Rg1 Kh8 24. Ka1 Rb6 25. h3 Nf6 26. Qe3
Rcb8 27. Rd2 Ne8 28. Bh4 Rg6 29. Be2 Nd6 30. Rc1 Be6 31. Na4 Nc4 32. Bxc4
dxc4 33. Nc3 Bd5 34. Rg1 Rbb6 35. Rdg2 Qb7 36. Be7 Qxe7 37. Nxd5 Qd8 38.
Nxb6 Qxb6 39. Rxg6 hxg6 40. Rd1 Qb7 41. Kb1 Qd5 42. Qg3 Kh7 43. Qh4+ Kg8
44. Qe7 c3 45. Qc5 c2+ 46. Qxc2 Qd6 47. d5 Kh7 48. Qd2 a5 49. Rc1 a4 50.
Rc6 Qb8 51. Qg2 e3 52. Qxg6+ Kh8 53. Rc2 a3 54. Qxf5 1-0